| 000 | 00450nam a2200181Ia 4500 | ||
|---|---|---|---|
| 003 | OSt | ||
| 005 | 20260105142326.0 | ||
| 008 | 210210b1950 xxu||||| |||| 00| 0 eng d | ||
| 040 | _cAL | ||
| 041 | _aKannada | ||
| 082 | _a859/1662 | ||
| 100 |
_aVAMANA MALYA _9156211 _dವಾಮನ ಮಲ್ಯ |
||
| 245 |
_aHorata: _bಹೋರಾಟ |
||
| 260 |
_aMangaluru _b- _c1950 |
||
| 690 |
_aKannada Fiction _9156212 |
||
| 906 | _a022384 | ||
| 942 |
_2ddc _cBK |
||
| 999 |
_c146714 _d146714 |
||